[Event "SVK-chT4 A21 2223"]
[Site "Slovakia"]
[Date "2023.01.15"]
[Round "6.5"]
[White "Novomesky, Roman"]
[Black "Krakovsky, Matej"]
[Result "0-1"]
[WhiteElo "1301"]
[BlackElo "1432"]
[PlyCount "93"]
[EventDate "2022.10.09"]
[EventType "team-tourn"]
[EventRounds "11"]
[EventCountry "SVK"]
[SourceTitle "EXT 2024"]
[Source "ChessBase"]
[SourceDate "2023.10.10"]
[SourceVersion "1"]
[SourceVersionDate "2023.10.10"]
[SourceQuality "1"]
[WhiteTeam "Stefanov"]
[BlackTeam "Skalica II"]
[WhiteTeamCountry "SVK"]
[BlackTeamCountry "SVK"]

1. d4 c6 2. c4 d5 3. cxd5 cxd5 4. Nc3 Nf6 5. Nf3 Nc6 6. Bf4 Qb6 7. Qd2 Bg4 8. Na4 Qb4 9. Qxb4 Nxb4 10. Kd1 Ne4 11. Bg3 e6 12. Ne5 Bf5 13. e3 Nxg3 14. Bb5+ Ke7 15. hxg3 a6 16. Nb6 Rd8 17. Ba4 f6 18. Ned7 Nc6 19. Rc1 Rxd7 20. Nxd7 Kxd7 21. a3 b5 22. Bc2 Bxc2+ 23. Rxc2 Na5 24. Ke2 Bd6 25. Kd3 h6 26. f4 Nc4 27. Ra1 Re8 28. g4 e5 29. dxe5 fxe5 30. f5 e4+ 31. Kd4 Be5+ 32. Kc5 Nxe3 33. Rd2 Rc8+ 34. Kb4 Rc4+ 35. Ka5 Ra4+ 36. Kb6 Nc4+ 37. Kb7 Nxd2 38. Rc1 Rc4 39. Rd1 e3 40. b3 Rc3 41. Re1 Rxb3 42. Kxa6 d4 43. Re2 Kc6 44. a4 bxa4 45. Re1 Rb1 46. Rxb1 Nxb1 47. Ka5 0-1

[Event "SVK-chT5 SE-SI 2122"]
[Site "Slovakia"]
[Date "2021.11.20"]
[Round "2.4"]
[White "Paracka, Patrik"]
[Black "Krakovsky, Matej"]
[Result "1/2-1/2"]
[WhiteElo "1325"]
[BlackElo "1094"]
[PlyCount "93"]
[EventDate "2021.11.06"]
[EventType "team-tourn"]
[EventRounds "9"]
[EventCountry "SVK"]
[SourceTitle "EXT 2024"]
[Source "ChessBase"]
[SourceDate "2023.10.10"]
[SourceVersion "1"]
[SourceVersionDate "2023.10.10"]
[SourceQuality "1"]
[WhiteTeam "Senica CVC II"]
[BlackTeam "Skalica III"]
[WhiteTeamCountry "SVK"]
[BlackTeamCountry "SVK"]

1. e4 e5 2. Nc3 Bc5 3. Bc4 d6 4. Nge2 Bg4 5. f3 Be6 6. Bb3 Nc6 7. Nd5 Nge7 8. c3 Bxd5 9. exd5 Nb8 10. d4 exd4 11. cxd4 Bb4+ 12. Nc3 0-0 13. 0-0 Ng6 14. f4 Nd7 15. f5 Ne7 16. Bc2 Nf6 17. Bg5 Bxc3 18. Bxf6 gxf6 19. bxc3 Nxd5 20. Rf3 Kh8 21. Rh3 Rg8 22. Qf3 c6 23. Bb3 Qd7 24. Bxd5 cxd5 25. Qxd5 Rg5 26. Rf1 Rag8 27. g3 Re8 28. c4 Re7 29. Rf4 Qe8 30. Rf1 Qd7 31. c5 dxc5 32. Qxd7 Rxd7 33. dxc5 Rd5 34. Rb1 Rd7 35. Rf1 Rc7 36. Rh4 Rxc5 37. Rhf4 b5 38. R1f2 a5 39. a3 Rc4 40. Rxc4 bxc4 41. Kf1 Rg4 42. Ke1 Rd4 43. Rf4 Rd3 44. a4 c3 45. Rc4 Rd2 46. Rxc3 Ra2 47. Rc4 1/2-1/2

[Event "SVK-chT5 SE-SI 1920"]
[Site "Slovakia"]
[Date "2019.11.02"]
[Round "2.5"]
[White "Krakovsky, Matej"]
[Black "Martis, Jan"]
[Result "0-1"]
[WhiteElo "1071"]
[BlackElo "1000"]
[PlyCount "65"]
[EventDate "2019.10.19"]
[EventType "team-tourn"]
[EventRounds "14"]
[EventCountry "SVK"]
[SourceTitle "CBM 193 Extra"]
[Source "ChessBase"]
[SourceDate "2020.01.31"]
[SourceVersion "1"]
[SourceVersionDate "2020.01.31"]
[SourceQuality "1"]
[WhiteTeam "Skalica IV"]
[BlackTeam "Myjava Spartak II"]
[WhiteTeamCountry "SVK"]
[BlackTeamCountry "SVK"]

1. e4 e5 2. Nf3 Nc6 3. Bc4 h6 4. c3 d6 5. h3 Nf6 6. d3 Be7 7. Nbd2 0-0 8. d4 exd4 9. cxd4 a6 10. 0-0 Nh7 11. d5 Ne5 12. Nxe5 dxe5 13. Nf3 Bd6 14. Re1 Kh8 15. b3 b5 16. Bf1 Re8 17. Nh2 f5 18. Bd3 f4 19. Ng4 Qh4 20. Bb2 h5 21. Nh2 Ng5 22. Nf3 Nxf3+ 23. Qxf3 g5 24. Be2 g4 25. Qxf4 Kg7 26. Qg3 Qxg3 27. fxg3 gxh3 28. gxh3 Bxh3 29. Bxh5 Rf8 30. g4 Rf3 31. Rac1 Raf8 32. Rc3 Bf1 33. Kh2 0-1

[Event "SVK-chT4A21 1415"]
[Site "Slovakia"]
[Date "2015.03.15"]
[Round "11.5"]
[White "Sprusansky, Ferdinand"]
[Black "Krakovsky, Matej"]
[Result "1-0"]
[WhiteElo "1417"]
[BlackElo "1078"]
[PlyCount "51"]
[EventDate "2014.10.12"]
[EventType "team-tourn"]
[EventRounds "11"]
[EventCountry "SVK"]
[SourceTitle "EXT 2022"]
[Source "ChessBase"]
[SourceDate "2021.10.06"]
[SourceVersion "1"]
[SourceVersionDate "2021.10.06"]
[SourceQuality "1"]
[WhiteTeam "Kopcany"]
[BlackTeam "Skalica III"]
[WhiteTeamCountry "SVK"]
[BlackTeamCountry "SVK"]

1. e4 e5 2. Nf3 Nc6 3. Bb5 Nf6 4. Nc3 Bd6 5. d4 exd4 6. Nxd4 Nxd4 7. Qxd4 0-0 8. 0-0 Re8 9. Re1 Be5 10. Qd3 h6 11. Qf3 c6 12. Bc4 d5 13. exd5 Bg4 14. Qd3 Bxc3 15. Qxc3 cxd5 16. Bd3 d4 17. Qb4 Nd5 18. Rxe8+ Qxe8 19. Qd2 Rd8 20. b3 Nc3 21. Bb2 Ne4 22. Qf4 f5 23. h3 Bh5 24. Qxf5 Qg6 25. Qxe4 Qxe4 26. Bxe4 1-0

[Event "SVK-chT4A21 1415"]
[Site "Slovakia"]
[Date "2015.01.18"]
[Round "7.5"]
[White "Krakovsky, Matej"]
[Black "Tomasovic, Roman"]
[Result "0-1"]
[WhiteElo "1078"]
[BlackElo "1363"]
[PlyCount "52"]
[EventDate "2014.10.12"]
[EventType "team-tourn"]
[EventRounds "11"]
[EventCountry "SVK"]
[SourceTitle "EXT 2022"]
[Source "ChessBase"]
[SourceDate "2021.10.06"]
[SourceVersion "1"]
[SourceVersionDate "2021.10.06"]
[SourceQuality "1"]
[WhiteTeam "Skalica III"]
[BlackTeam "Stefanov"]
[WhiteTeamCountry "SVK"]
[BlackTeamCountry "SVK"]

1. e4 e5 2. Nf3 Nc6 3. Nc3 Nf6 4. Bc4 Bc5 5. 0-0 0-0 6. d3 h6 7. b3 a6 8. Na4 Ba7 9. Be3 b5 10. Bd5 bxa4 11. Bxc6 dxc6 12. Nxe5 Qd6 13. Bf4 Qe6 14. bxa4 Bd4 15. Rb1 Bxe5 16. Bxe5 Qxe5 17. c4 Be6 18. f3 Rab8 19. Rc1 Qd4+ 20. Kh1 Rb2 21. Ra1 Rfb8 22. Re1 Qf2 23. Rg1 Nh5 24. Qf1 Ng3+ 25. hxg3 Qxg3 26. a3 Qh4# 0-1